10 największych miast województwa dolnośląskiego - Statystyki

Ogólne statystyki
  • Ten quiz został rozwiązany 22 razy
  • Średni wynik to 8 z 10
Statystyki odpowiedzi
Ludność Miasto % Poprawnych
673 531 Wrocław
100%
91 335 Legnica
95%
67 155 Lubin
89%
99 463 Wałbrzych
89%
74 636 Jelenia Góra
84%
61 675 Głogów
79%
35 002 Oleśnica
63%
36 864 Bolesławiec
58%
33 100 Olawa
58%
52 417 Świdnica
58%
Nie znaleziono quizów pasujących do podanych kryteriów
Rozkład punktacji
Procent ludzi z każdym wynikiem
Percentyl według liczby udzielonych odpowiedzi
Twoja historia wyników
Nie rozwiązałeś tego quizu